Fundamentals of machine compont design (Record no. 3545)

MARC details
000 -LEADER
fixed length control field 00354nam a2200145Ia 4500
008 - FIXED-LENGTH DATA ELEMENTS--GENERAL INFORMATION
fixed length control field 191201s2007 xx 000 0 und d
082 ## - DEWEY DECIMAL CLASSIFICATION NUMBER
Classification number 621.815
Item number JUF
100 ## - MAIN ENTRY--PERSONAL NAME
Personal name Juvinall, Robert
245 #0 - TITLE STATEMENT
Title Fundamentals of machine compont design
250 ## - EDITION STATEMENT
Edition statement Rep.
260 ## - PUBLICATION, DISTRIBUTION, ETC. (IMPRINT)
Place of publication, distribution, etc N.Delhi
Name of publisher, distributor, etc W.India
Date of publication, distribution, etc 2007
300 ## - PHYSICAL DESCRIPTION
Extent 888
650 ## - SUBJECT ADDED ENTRY--TOPICAL TERM
Topical term or geographic name as entry element B.Tech(ME)
942 ## - ADDED ENTRY ELEMENTS (KOHA)
Source of classification or shelving scheme Dewey Decimal Classification
Koha item type Text Books
Holdings
Withdrawn status Lost status Source of classification or shelving scheme Damaged status Not for loan Collection code Home library Current library Date acquired Source of acquisition Cost, normal purchase price Bill Number Total Checkouts Full call number Acc. no. / Barcode Date last seen Bill Date Koha item type
    Dewey Decimal Classification     B.Tech(ME) PIET C-LIBRARY PIET C-LIBRARY 04/10/2008 J B C, New Delhi 599.00 S1-2289   621.815 JUF 9606 04/12/2019 06/08/2008 Text Books
    Dewey Decimal Classification     B.Tech(ME) PIET C-LIBRARY PIET C-LIBRARY 04/10/2008 J B C, New Delhi 599.00 S1-2289   621.815 JUF 9607 04/12/2019 06/08/2008 Text Books
    Dewey Decimal Classification     B.Tech(ME) PIET C-LIBRARY PIET C-LIBRARY 04/10/2008 J B C, New Delhi 599.00 S1-2289   621.815 JUF 9608 04/12/2019 06/08/2008 Text Books
    Dewey Decimal Classification     B.Tech(ME) PIET C-LIBRARY PIET C-LIBRARY 04/10/2008 J B C, New Delhi 599.00 S1-2289   621.815 JUF 9609 04/12/2019 06/08/2008 Text Books
    Dewey Decimal Classification     B.Tech(ME) PIET C-LIBRARY PIET C-LIBRARY 04/10/2008 J B C, New Delhi 599.00 S1-2289   621.815 JUF 9610 04/12/2019 06/08/2008 Text Books
    Dewey Decimal Classification     B.Tech(ME) PIET C-LIBRARY PIET C-LIBRARY 04/10/2008 J B C, New Delhi 599.00 S1-2289   621.815 JUF 9611 04/12/2019 06/08/2008 Text Books
    Dewey Decimal Classification     B.Tech(ME) PIET C-LIBRARY PIET C-LIBRARY 04/10/2008 J B C, New Delhi 599.00 S1-2289   621.815 JUF 9612 04/12/2019 06/08/2008 Text Books
    Dewey Decimal Classification     B.Tech(ME) PIET C-LIBRARY PIET C-LIBRARY 04/10/2008 J B C, New Delhi 599.00 S1-2289   621.815 JUF 9613 04/12/2019 06/08/2008 Text Books

Design & Developed by: PIET Central Library
R70 Miles Stone Pattikalyana Samalkha Panipat 132102
mail ID :- [email protected], Phone No:- 0180-2569700 Ex.216